Regions of Turkey Map Quiz - Statistics

General Stats
  • This quiz has been taken 150 times
  • The average score is 6 of 7
Answers on the Map
Answers color-coded by a green-red scale on the quiz's map according to % correct below.
 
Answer Stats
Answer % Correct
Black Sea
95%
Central Anatolia
92%
Eastern Anatolia
91%
Southeast Anatolia
91%
Mediterranean
85%
Marmara
80%
Aegean
76%
No matching quizzes found
Score Distribution
Percent of People with Each Score
Percentile by Number Answered
Your Score History
You have not taken this quiz